00421nam a2200109Ia 4500008004100000050002500041100001800066245004500084942000700129999001900136952015600155230915s9999 xx 000 0 und d aPL 8703.5 .N526 1999 aNJOGU, KIMANI 0aUFUNDISHAJI WA FASIHI: NADHARIA NA MBINU cBK c176108d176108 00102lcc40708ARTSaKSULbKSULcDISPLAYd2023-09-15i096991l9m1oPL 8703.5 .N 526 1999p024304r2026-05-01 10:26:35s2026-04-25t3w2023-09-15yBK